Sebrané spisy Václava Kosmáka Díl I. Eugenie

Bibliographic Details
Main Author: Kosmák, Václav, 1843-1898 (Author)
Corporate Author: Papežská knihtiskárna benediktinů rajhradských (Brno, Česko) (Printer)
Format: Book
Language:Czech
PhysicalDescription:435 strán 18 cm
Subjects:

MARC

LEADER 00000nam a2200000 4500
001 vtls012290134
003 SK-MaSNL
005 20260301232458.0
008 260121t1885 xr r 000 0 cze
015 |a SNBHFA 
040 |a SNKHF  |b slo  |c SNKHF  |e rda 
041 0 |a cze 
044 |a xr  |c CZ 
072 7 |a 821.162.3  |x Česká literatúra  |2 konspekt 
080 |a 821.162.3-32  |2 2011 
100 1 |a Kosmák, Václav,  |d 1843-1898  |4 aut  |9 198636 
245 1 0 |a Sebrané spisy Václava Kosmáka  |n Díl I.  |p Eugenie  |c Václav Kosmák 
264 3 |a V Brně  |b Tiskem a nákladem papežské knihtiskárny benediktinů rajhradských  |c 1885 
300 |a 435 strán  |c 18 cm 
336 |a text  |b txt  |2 rdacontent 
337 |a bez média  |b n  |2 rdamedia 
338 |a zväzok  |b nc  |2 rdacarrierr 
561 |a Okrúhla pečiatka: Museálna slovenská spoločnosť.  |5 SNK ID 104159 
650 0 7 |a česká literatúra  |2 SNKPH  |9 1178 
650 0 7 |a próza  |2 SNKPH  |9 1490 
700 1 |a Kmeť, Andrej,  |d 1841-1908  |4 fmo  |9 191981 
700 1 |a Mathon, Placidus Johanes,  |d 1841-1888  |4 pbl  |9 626211 
710 2 |a Papežská knihtiskárna benediktinů rajhradských (Brno, Česko),  |d 1881-1914  |4 prt  |9 266708 
752 |a Česko  |d Brno 
852 |a snk  |b Historické fondy  |p ID 104159 
958 |a DF 
958 |a ONDV 
999 |c 961500  |d 963430 
952 |t Kmeť X/159  |a SNK  |b SNK  |c SNK_HF  |y PREZ  |7 0  |p 17A1569827  |o snkID 104159  |i snk2026/962  |8 5  |0 0  |1 0  |4 0  |d 2026-01-21  |l 0  |r 2026-02-24 10:21:57  |w 2026-02-24